Miami Heat 2022/23 Roster - Statistics

General Stats
  • This quiz has been taken 113 times
  • The average score is 13 of 17
Answer Stats
Hint Answer % Correct
C #13 Bam Adebayo
99%
F #22 Jimmy Butler
99%
PG #14 Tyler Herro
96%
PG #7 Kyle Lowry
94%
F #55 Duncan Robinson
93%
F #16 Caleb Martin
89%
PF #42 Kevin Love
88%
C #25 Orlando Robinson
85%
G #2 Gabe Vincent
83%
F #31 Max Strus
82%
PF #40 Udonis Haslem
73%
F #5 Nikola Jovic
72%
C #44 Cody Zeller
71%
PF #24 Haywood Highsmith
65%
C #77 Omer Yurtseven
55%
F #4 Victor Oladipo
52%
F #8 Jamal Cain
37%
No matching quizzes found
Score Distribution
Percent of People with Each Score
Percentile by Number Answered
Your Score History
You have not taken this quiz